Normal view
MARC view
- Leadership.
Entry Topical Term
001 - CONTROL NUMBER
- control field: 49414
003 - CONTROL NUMBER IDENTIFIER
- control field: OSt
005 - DATE AND TIME OF LATEST TRANSACTION
- control field: 20231002191034.0
008 - FIXED-LENGTH DATA ELEMENTS
- fixed length control field: 231002|| aca||aabn | a|a d
040 ## - CATALOGING SOURCE
- Original cataloging agency: OSt
- Transcribing agency: OSt
150 ## - HEADING--TOPICAL TERM
- Topical term or geographic name entry element: Leadership.
670 ## - SOURCE DATA FOUND
- Source citation: Work cat.: (OSt): Dr. Lee, Monica M. author. 49413, Covid- 19 : , August 2020.
